| 000 | 01943nam a22003017a 4500 | ||
|---|---|---|---|
| 999 |
_c21818 _d21818 |
||
| 003 | AR-CdUCM | ||
| 008 | 190425b ||||| |||| 00| 0 spa d | ||
| 040 |
_aMUNICIPALIDAD PROVINCIAL DEL CUSCO _cBIBLIOTECA MUNICIPAL DEL CUSCO |
||
| 082 | _aRev.Allp/N°21/1983 | ||
| 110 |
_aInstituto de Pastoral Andina _912766 |
||
| 245 |
_aAllpanchis Phuturinqa : _bRevista Anual / |
||
| 260 |
_aCusco : _bInstituto de Pastoral Andina, _c1983. |
||
| 300 |
_a216 páginas. : _bmapas ; _c20 cm. |
||
| 440 |
_aRevista del Instituto de Pastoral Andina Cusco _nAño XIII, 1983,N°21.Vol. XVIII. _946235 |
||
| 500 | _aArrieros y circuitos mercantiles andinos | ||
| 505 | _aContenido: Circuitos comerciales y auge minero en la sierra central a fines de la época colonial. Magdalena Chocano. -- Los arrieros de la sierra central durante el siglo XIX. Nelson Manrique. -- De las rutas ferias y circuitos en Huamanga. Jaime Urrutia. -- Arrieros troperos y llameros en Huancavelica. Ricardo Valderrama. Carmen Escalante. -- Ciclos y booms en la agricultura de exportación latinoamericana el caso de la economía ganadera en el sur peruano, 1855-1920. Nils Jacobsen. -- Pastores del altiplano andino meridional religiosidad territorio y equilibrio ecológico. Merlino. -- Transformaciones de la sociedad campesina articulación y subdesarrollo en las haciendas algodoneras peruanas el valle de Pisco 1883-1925. -- Ejes regionales y actividad agropecuaria en el Perú. Walter Meléndez. -- Un libro o un autor a la deriva. Marie Danielle. | ||
| 650 |
_aArriería _946236 |
||
| 650 |
_aCircuitos comerciales _946237 |
||
| 650 |
_aEconomía campesina _92215 |
||
| 650 |
_aGanadería _9321 |
||
| 700 |
_aEscalante Gutiérrez, Carmen _911047 |
||
| 700 |
_aValderrama Fernández, Ricardo _97653 |
||
| 700 |
_aManrique Gálvez, Nelson _946238 |
||
| 700 |
_aUrrutia Ceruti, Jaime _946239 |
||
| 700 |
_aJacobsen, Nils _944745 |
||
| 942 |
_2ddc _cPP |
||
| 945 | _arac | ||